000
00279nam a22001217a 4500
008
170712b xxu||||| |||| 00| 0 eng d
041
_a
eng
080
_a
038
100
_a
26
101
_a
FJA
245
_a
TABERTS CYCLOPEDIA MEDICAL DICTIONARY
_c
DAVIS.F.A
942
_2
udc
_c
BK
999
_c
20317
_d
20317